New Panamanian gyponine leafhoppers (Homoptera: Cicadellidae) belonging to the genera Hecalapoda, Gypona and Gyponana (Registro nro. 13762)

Detalles MARC
000 -CABECERA
Campo de control 004000000a22001210004500
090 ## - CLASIFICACIÓN LOCAL
Colección AR
Consecutivo 04662
041 0# - IDIOMA
Código de idioma para texto/pista de sonido o título separado
100 1# - ASIENTO PRINCIPAL--NOMBRE PERSONAL
Nombre personal Delong, Dwight M.
245 10 - MENCION DE TITULO
Título New Panamanian gyponine leafhoppers (Homoptera: Cicadellidae) belonging to the genera Hecalapoda, Gypona and Gyponana
700 1# - ASIENTO SECUNDARIO - NOMBRE PERSONAL
Nombre personal Wolda, Henk
773 1# - Item fuente:
Título Uttar Pradesh J. Zool.
Descripción física 2
Paginas del Articulo 135-144
Lugar, editorial y fecha de publicación 1984
Información sobre la relación 4
942 ## - ELEMENTOS ADICIONALES (KOHA)
Tipo de ítem Artículo
Existencias
Withdrawn status Lost status Damaged status No para préstamo Colección Ubicación Permanente Ubicación actual Fecha de adquisición Fuente de Valor Datos de publicación Seriada Total Checkouts Número topográfico Inventario / Código de Barras Date last seen Ejemplar Price effective from Forma de adquisición Tipo de material
      No para Préstamo Hemeroteca Bogotá Bogotá 08/04/2010 Escobar Sarria, Federico Fuera de circulación   AR 04662 028019 25/03/2015 1 25/03/2015   Artículo